000 00640nam a2200181 i 4500
001 41578
003 ES-MaACL
005 20230906160446.0
007 t|
008 030311s1956 xxk ||||1| eng d
100 1 _aCassie, W. Fisher.
_936350
245 1 0 _aStructural analysis
_b: the solution of statically indeterminate structures /
_cby W. Fisher Cassie ; with a foreword by H. John Collins.
250 _a[2nd ed., 6th imp.].
260 _aLondon, etc. :
_bLongmans, Green and Co,
_c[1956] (
_fWilliam Clowes)
300 _aXI, 269 p. :
_bil. ;
_c22 cm.
700 1 _aCollins, H. John.
_939733
852 _aES-MaACL
_jC-10988
_bR.39096
999 _c41578
_d41578